Pixelated Spain Map - Statistics

General Stats
  • This quiz has been taken 1,557 times
  • The average score is 123 of 218
Answers on the Map
Answers color-coded by a green-red scale on the quiz's map according to % correct below.
 
Answer Stats
Region % Correct
Madrid
86%
Catalonia
83%
Andalusia
68%
Valencia
68%
Basque Country
67%
Galicia
65%
Aragon
56%
Castile and León
52%
Murcia
49%
Navarre
44%
Extremadura
43%
Asturias
42%
Castilla-La Mancha
41%
La Rioja
33%
Cantabria
29%
No matching quizzes found
Score Distribution
Percent of People with Each Score
Percentile by Number Answered
Your Score History
You have not taken this quiz